| 000 | 01012nac a22003131u 4500 | ||
|---|---|---|---|
| 003 | EG-ScBUE | ||
| 005 | 20211118141459.0 | ||
| 008 | 090405s2004 enk f 000 0 eng d | ||
| 020 | _a9780521539784 | ||
| 020 | _a0521539781 (pbk.) | ||
| 040 |
_aEG-ScBUE _beng _erda _cEG-ScBUE _dEG-ScBUE |
||
| 082 | 0 | 4 |
_a883.01 _bGRI _222 |
| 100 | 1 |
_aGriffin, Jasper, _eauthor. |
|
| 245 | 1 | 0 |
_aHomer, The Odyssey / _cJasper Griffin, Balliol College, Oxford. |
| 246 | 3 | 4 |
_aHomer, The Odyssey : _ba student guide |
| 250 | _aSecond edition. | ||
| 264 | 1 |
_aCambridge _bCambridge University Press, _c2004. |
|
| 300 |
_avii, 103 pages ; _c21 cm. |
||
| 336 |
_2rdacontent _atext _btxt |
||
| 337 |
_2rdamedia _aunmediated _bn |
||
| 338 |
_2rdacarrier _avolume _bnc |
||
| 490 | 0 | _aLandmarks of world literature | |
| 600 | 0 | 7 |
_aHomer. _tOdyssey. _93149 |
| 650 | 7 |
_aOdysseus (Greek mythology) in literature. _93150 _2BUEsh |
|
| 651 | _2BUEsh | ||
| 653 |
_bHHUUEENN _cNovember2021 |
||
| 655 |
_vReading book _934232 |
||
| 942 |
_cBB _2ddc |
||
| 999 |
_c2059 _d2059 |
||